Chemical and dynamical evolution of our galaxy (Record no. 5962)

MARC details
000 -LEADER
fixed length control field 00653nam a2200181Ia 4500
003 - CONTROL NUMBER IDENTIFIER
control field IN-BaIIA
008 - FIXED-LENGTH DATA ELEMENTS--GENERAL INFORMATION
fixed length control field 211028s9999 xx 000 0 eng d
040 ## - CATALOGING SOURCE
Transcribing agency IIA Library
080 ## - UNIVERSAL DECIMAL CLASSIFICATION NUMBER
Universal Decimal Classification number 082.2:52
Item number IAU-C15
100 ## - MAIN ENTRY--PERSONAL NAME
Personal name Basinska-Grzesik, E
9 (RLIN) 10341
111 ## - MAIN ENTRY--MEETING NAME
Meeting name or jurisdiction name as entry element Colloquium on New Directions and New Frontiers in Variable Star Research
9 (RLIN) 10342
245 #0 - TITLE STATEMENT
Title Chemical and dynamical evolution of our galaxy
Statement of responsibility, etc. E. Basinska-Grzesik
260 ## - PUBLICATION, DISTRIBUTION, ETC.
Place of publication, distribution, etc. Sauverny
Name of publisher, distributor, etc. Geneva Observatory
Date of publication, distribution, etc. 1977
300 ## - PHYSICAL DESCRIPTION
Extent [various pagings.]
650 ## - SUBJECT ADDED ENTRY--TOPICAL TERM
Topical term or geographic name entry element Astronomy and astrophysics thesaurus
650 ## - SUBJECT ADDED ENTRY--TOPICAL TERM
Topical term or geographic name entry element Galaxies evolution
9 (RLIN) 10343
942 ## - ADDED ENTRY ELEMENTS (KOHA)
Koha item type Books
Holdings
Withdrawn status Lost status Damaged status Not for loan Home library Current library Shelving location Date acquired Total Checkouts Full call number Barcode Date last seen Price effective from Koha item type
        IIA Library-Bangalore IIA Library-Bangalore General Stacks 27/09/1978   082.2:52/ IAU-C15 6660 05/11/2021 27/09/1978 Books

Powered by Koha